<?xml version="1.0" encoding="UTF-8"?><?xml-stylesheet type="text/xsl" href="static/style.xsl"?><OAI-PMH xmlns="http://www.openarchives.org/OAI/2.0/" xmlns:xsi="http://www.w3.org/2001/XMLSchema-instance" xsi:schemaLocation="http://www.openarchives.org/OAI/2.0/ http://www.openarchives.org/OAI/2.0/OAI-PMH.xsd"><responseDate>2026-04-17T10:26:46Z</responseDate><request verb="GetRecord" identifier="oai:riubu.ubu.es:10259/5826" metadataPrefix="marc">https://riubu.ubu.es/oai/request</request><GetRecord><record><header><identifier>oai:riubu.ubu.es:10259/5826</identifier><datestamp>2023-06-08T12:49:03Z</datestamp><setSpec>com_10259_5827</setSpec><setSpec>com_10259_5086</setSpec><setSpec>com_10259_2604</setSpec><setSpec>com_10259_5495</setSpec><setSpec>com_10259_3844</setSpec><setSpec>com_10259_3596</setSpec><setSpec>com_10259_4249</setSpec><setSpec>col_10259_5828</setSpec><setSpec>col_10259_5496</setSpec><setSpec>col_10259_3845</setSpec><setSpec>col_10259_3597</setSpec><setSpec>col_10259_4250</setSpec></header><metadata><record xmlns="http://www.loc.gov/MARC21/slim" xmlns:doc="http://www.lyncode.com/xoai" xmlns:xsi="http://www.w3.org/2001/XMLSchema-instance" xmlns:dcterms="http://purl.org/dc/terms/" xsi:schemaLocation="http://www.loc.gov/MARC21/slim http://www.loc.gov/standards/marcxml/schema/MARC21slim.xsd">
<leader>00925njm 22002777a 4500</leader>
<datafield tag="042" ind1=" " ind2=" ">
<subfield code="a">dc</subfield>
</datafield>
<datafield tag="720" ind1=" " ind2=" ">
<subfield code="a">García Tojal, Javier</subfield>
<subfield code="e">author</subfield>
</datafield>
<datafield tag="720" ind1=" " ind2=" ">
<subfield code="a">Iriarte Avilés, Eneko</subfield>
<subfield code="e">author</subfield>
</datafield>
<datafield tag="720" ind1=" " ind2=" ">
<subfield code="a">Palmero Díaz, Susana</subfield>
<subfield code="e">author</subfield>
</datafield>
<datafield tag="720" ind1=" " ind2=" ">
<subfield code="a">Pedrosa Sáez, María de los Remedios</subfield>
<subfield code="e">author</subfield>
</datafield>
<datafield tag="720" ind1=" " ind2=" ">
<subfield code="a">Rad Moradillo, Juan Carlos</subfield>
<subfield code="e">author</subfield>
</datafield>
<datafield tag="720" ind1=" " ind2=" ">
<subfield code="a">Sanllorente Méndez, Silvia</subfield>
<subfield code="e">author</subfield>
</datafield>
<datafield tag="720" ind1=" " ind2=" ">
<subfield code="a">Zuluaga, María Cruz</subfield>
<subfield code="e">author</subfield>
</datafield>
<datafield tag="720" ind1=" " ind2=" ">
<subfield code="a">Cavia Saiz, Mónica</subfield>
<subfield code="e">author</subfield>
</datafield>
<datafield tag="720" ind1=" " ind2=" ">
<subfield code="a">Rivero Pérez, Maria Dolores</subfield>
<subfield code="e">author</subfield>
</datafield>
<datafield tag="720" ind1=" " ind2=" ">
<subfield code="a">Muñiz Rodríguez, Pilar</subfield>
<subfield code="e">author</subfield>
</datafield>
<datafield tag="260" ind1=" " ind2=" ">
<subfield code="c">2021-04</subfield>
</datafield>
<datafield tag="520" ind1=" " ind2=" ">
<subfield code="a">Kaolinite-rich Cretaceous clay sediment samples from Burgos (Spain) have been analyzed by elemental analysis, X-ray fluorescence, inductively coupled plasma mass spectrometry, X-ray diffraction and different spectroscopic techniques, as Fourier Transform Infrared, ultraviolet–visible and electron paramagnetic resonance. The clay sediment samples mainly contain quartz, muscovite and kaolinite. Different radicals, as A- and B-Centers in kaolinite and organic paramagnetic species, are detected. An illite/kaolinite FTIR band ratio parameter (IKB) is proposed to infer the illite/kaolinite proportion, which can be useful to graphically visualize the iron-substituted Al(III) sites. Studies of the activity as scavengers of DPPH and ABTS radicals show that samples with a larger amount of orthorhombic Fe(III) ions replacing Al(III) ions exhibit a higher antioxidant capacity.</subfield>
</datafield>
<datafield tag="024" ind2=" " ind1="8">
<subfield code="a">1386-1425</subfield>
</datafield>
<datafield tag="024" ind2=" " ind1="8">
<subfield code="a">http://hdl.handle.net/10259/5826</subfield>
</datafield>
<datafield tag="024" ind2=" " ind1="8">
<subfield code="a">10.1016/j.saa.2021.119472</subfield>
</datafield>
<datafield ind1=" " ind2=" " tag="653">
<subfield code="a">Clay minerals</subfield>
</datafield>
<datafield ind1=" " ind2=" " tag="653">
<subfield code="a">Electron paramagnetic resonance</subfield>
</datafield>
<datafield ind1=" " ind2=" " tag="653">
<subfield code="a">Infrared spectroscopy</subfield>
</datafield>
<datafield ind1=" " ind2=" " tag="653">
<subfield code="a">Infrared spectroscopy</subfield>
</datafield>
<datafield ind1=" " ind2=" " tag="653">
<subfield code="a">X-ray diffraction</subfield>
</datafield>
<datafield ind1=" " ind2=" " tag="653">
<subfield code="a">Antioxidant capacity</subfield>
</datafield>
<datafield tag="245" ind1="0" ind2="0">
<subfield code="a">Phyllosilicate-content influence on the spectroscopic properties and antioxidant capacity of Iberian Cretaceous clays</subfield>
</datafield>
</record></metadata></record></GetRecord></OAI-PMH>